| 000 -LEADER |
| fixed length control field |
00770nam a22002057a 4500 |
| 001 - CONTROL NUMBER |
| control field |
12459 |
| 003 - CONTROL NUMBER IDENTIFIER |
| control field |
BD-DhUAP |
| 005 - DATE AND TIME OF LATEST TRANSACTION |
| control field |
20201115105234.0 |
| 008 - FIXED-LENGTH DATA ELEMENTS--GENERAL INFORMATION |
| fixed length control field |
201115s2009 bg |||| |||| 000 0 ben d |
| 020 ## - INTERNATIONAL STANDARD BOOK NUMBER |
| International Standard Book Number |
9847015600747 |
| 040 ## - CATALOGING SOURCE |
| Original cataloging agency |
BD-DhUAP |
| Language of cataloging |
Ben |
| Transcribing agency |
BD-DhUAP |
| Modifying agency |
BD-DhUAP |
| 082 ## - DEWEY DECIMAL CLASSIFICATION NUMBER |
| Edition number |
23 |
| Classification number |
954.01 CHO |
| 100 ## - MAIN ENTRY--PERSONAL NAME |
| Personal name |
চৌধুরী, আবদুল মমিন। |
| 245 ## - TITLE STATEMENT |
| Title |
প্রাচীন বাংলার ইতিহাস ও সংস্কৃতি / |
| Statement of responsibility, etc. |
আবদুল মমিন চৌধুরী। |
| 250 ## - EDITION STATEMENT |
| Edition statement |
১ম সং.। |
| 260 ## - PUBLICATION, DISTRIBUTION, ETC. |
| Place of publication, distribution, etc. |
ঢাকা : |
| Name of publisher, distributor, etc. |
মাওলা ব্রাদার্স, |
| Date of publication, distribution, etc. |
c২০০৯। |
| 300 ## - PHYSICAL DESCRIPTION |
| Extent |
১৫২ পৃষ্ঠা ; |
| Dimensions |
২২ সেমি.। |
| 651 ## - SUBJECT ADDED ENTRY--GEOGRAPHIC NAME |
| Geographic name |
India |
| Form subdivision |
History. |
| 942 ## - ADDED ENTRY ELEMENTS (KOHA) |
| Source of classification or shelving scheme |
|
| Koha item type |
Book |